[Event "Lanzarote op"]
[Site "Lanzarote"]
[Date "2018.06.26"]
[Round "4"]
[White "Garcia Alvarez, Miguel Angel"]
[Black "Rivero Castellano, Carlos Jesus"]
[Result "0-1"]
[WhiteElo "1411"]
[BlackElo "1591"]
[PlyCount "84"]
[EventDate "2018.06.25"]
[EventType "swiss"]
[EventRounds "9"]
[EventCountry "ESP"]
[SourceTitle "CBM 185 Extra"]
[Source "ChessBase"]
[SourceDate "2018.07.29"]
[SourceVersion "1"]
[SourceVersionDate "2018.07.29"]
[SourceQuality "1"]

1. d4 e6 2. Nf3 d5 3. Bf4 c5 4. e3 Nc6 5. c3 Qb6 6. Qc2 Nf6 7. Nbd2 Bd7 8. Be2 Rc8 9. 0-0 cxd4 10. exd4 Nxd4 11. Nxd4 Qxd4 12. cxd4 Rxc2 13. Rab1 Bb4 14. Rfd1 Bxd2 15. Rxd2 Rxd2 16. Bxd2 0-0 17. f3 h6 18. Rc1 Bc6 19. Bb4 Re8 20. Bd6 Nd7 21. f4 Nf6 22. b4 Ne4 23. b5 Nxd6 24. bxc6 Rc8 25. c7 Ne8 26. Bb5 Rxc7 27. Rxc7 Nxc7 28. Bd3 Kf8 29. Kf2 Ke7 30. Ke2 Kd6 31. Kd2 f5 32. h3 a6 33. g4 g6 34. Kc3 Ne8 35. Kd2 Nf6 36. Be2 Ne4+ 37. Ke3 Nc3 38. a3 Nxe2 39. Kxe2 Kc6 40. Kd3 Kb5 41. Kc3 Ka4 42. Kb2 b5 0-1

[Event "Canarias-chT"]
[Site "Vecindario"]
[Date "2018.06.02"]
[Round "5.3"]
[White "Diaz Martin, Cristina"]
[Black "Rivero Castellano, Carlos Jesus"]
[Result "1-0"]
[WhiteElo "1624"]
[BlackElo "1591"]
[PlyCount "67"]
[EventDate "2018.05.31"]
[EventType "team-swiss"]
[EventRounds "6"]
[EventCountry "ESP"]
[SourceTitle "EXT 2024"]
[Source "ChessBase"]
[SourceDate "2023.10.10"]
[SourceVersion "1"]
[SourceVersionDate "2023.10.10"]
[SourceQuality "1"]
[WhiteTeam "Roque Niquiomo"]
[BlackTeam "Panaderia Pulido San Mateo"]
[WhiteTeamCountry "ESP"]
[BlackTeamCountry "ESP"]

1. e4 e5 2. Nf3 Nc6 3. Nc3 Nf6 4. d4 exd4 5. Nxd4 Bb4 6. Nxc6 Bxc3+ 7. bxc3 dxc6 8. Qxd8+ Kxd8 9. Bg5 Ke7 10. e5 Bf5 11. 0-0-0 h6 12. exf6+ gxf6 13. Bf4 Rac8 14. Bc4 Kf8 15. Rhe1 a5 16. Re3 b5 17. Bd3 Be6 18. Kb2 h5 19. Be4 c5 20. Rg3 f5 21. Bc6 b4 22. Be5 Rh7 23. Bf6 Rb8 24. Rd8+ Rxd8 25. Bxd8 f6 26. Bxf6 Kf7 27. Be5 Kf8 28. Rg6 Kf7 29. Rg3 Kf8 30. Rd3 Ke7 31. Bxc7 Kf6 32. Bb6 c4 33. Re3 bxc3+ 34. Kxc3 1-0

[Event "Las Palmas Insular-chT Segunda 1718"]
[Site "Las Palmas"]
[Date "2017.12.16"]
[Round "4.2"]
[White "Rivero Castellano, Carlos Jesus"]
[Black "Suarez Rodriguez, Doramas"]
[Result "0-1"]
[WhiteElo "1616"]
[BlackElo "1645"]
[PlyCount "102"]
[EventDate "2017.10.28"]
[EventType "team-swiss"]
[EventRounds "9"]
[EventCountry "ESP"]
[SourceTitle "EXT 2019"]
[Source "ChessBase"]
[SourceDate "2018.10.10"]
[SourceVersion "1"]
[SourceVersionDate "2018.10.10"]
[SourceQuality "1"]
[WhiteTeam "Panaderia Pulido San Mateo II"]
[BlackTeam "La Aldea"]
[WhiteTeamCountry "ESP"]
[BlackTeamCountry "ESP"]

1. e4 e6 2. d3 d5 3. Nc3 d4 4. Nce2 e5 5. Nf3 Bd6 6. Bg5 f6 7. Bh4 Bg4 8. Qd2 Bxf3 9. gxf3 Qd7 10. Ng1 g5 11. Bh3 Qb5 12. Bxg5 fxg5 13. Qxg5 Qxb2 14. Rc1 Ne7 15. Ne2 Nd7 16. Rg1 0-0-0 17. Be6 Ng6 18. Qg4 Nf4 19. Bf5 h5 20. Qg7 Rhf8 21. Qh7 a6 22. Kd1 Rfe8 23. Nxf4 exf4 24. Rg7 Qb5 25. h4 Rf8 26. Kd2 Be5 27. Rg5 Qb2 28. Kd1 Qxa2 29. Qxh5 Bf6 30. Rg4 Rh8 31. Bh7 Kb8 32. Rxf4 Be5 33. Rf5 Nf6 34. Qg6 Nxh7 35. Rxe5 Rdg8 36. Qh6 Nf8 37. Re8+ Ka7 38. Qf6 Nd7 39. Qxd4+ c5 40. Qxh8 Rxh8 41. Rxh8 Qb2 42. Rh5 Ne5 43. f4 Nf3 44. Rd5 Nxh4 45. e5 Qb4 46. f5 Qg4+ 47. Ke1 Qxf5 48. Rxc5 Nf3+ 49. Kf1 Nxe5 50. Re1 Qh3+ 51. Ke2 Qf3+ 0-1

[Event "Las Palmas Insular-chT Segunda 1718"]
[Site "Las Palmas"]
[Date "2017.10.28"]
[Round "1.1"]
[White "Bozinovic, Boban"]
[Black "Rivero Castellano, Carlos Jesus"]
[Result "1-0"]
[WhiteElo "1972"]
[BlackElo "1616"]
[PlyCount "65"]
[EventDate "2017.10.28"]
[EventType "team-swiss"]
[EventRounds "9"]
[EventCountry "ESP"]
[SourceTitle "EXT 2019"]
[Source "ChessBase"]
[SourceDate "2018.10.10"]
[SourceVersion "1"]
[SourceVersionDate "2018.10.10"]
[SourceQuality "1"]
[WhiteTeam "Mogan"]
[BlackTeam "Panaderia Pulido San Mateo III"]
[WhiteTeamCountry "ESP"]
[BlackTeamCountry "ESP"]

1. e4 e5 2. Nf3 Nc6 3. d4 exd4 4. Nxd4 Bc5 5. Nxc6 bxc6 6. Bc4 Nf6 7. e5 Ng8 8. Qf3 f6 9. 0-0 Bb7 10. Bxg8 Rxg8 11. exf6 Qxf6 12. Qh5+ g6 13. Qxc5 d6 14. Re1+ Kd7 15. Qb4 Rab8 16. Qg4+ Qf5 17. Qxf5+ gxf5 18. f3 Rg6 19. Kf2 Rbg8 20. g3 h5 21. Nc3 h4 22. Bf4 Rh8 23. Rh1 Rg7 24. Rad1 Rgh7 25. Rhg1 Rf7 26. b3 hxg3+ 27. hxg3 Ba6 28. Na4 Kc8 29. c4 Re7 30. Nc3 d5 31. cxd5 cxd5 32. Rxd5 Rhe8 33. Rd2 1-0

[Event "Gran Canaria Fiestas Dolores 2nd"]
[Site "Gran Canaria"]
[Date "2017.09.06"]
[Round "3"]
[White "Guerra Aleman, Marcial"]
[Black "Rivero Castellano, Carlos Jesus"]
[Result "1-0"]
[WhiteElo "1692"]
[BlackElo "1397"]
[PlyCount "47"]
[EventDate "2017.09.04"]
[EventType "swiss"]
[EventRounds "6"]
[EventCountry "ESP"]
[SourceTitle "CBM 180 Extra"]
[Source "ChessBase"]
[SourceDate "2017.10.06"]
[SourceVersion "1"]
[SourceVersionDate "2017.10.06"]
[SourceQuality "1"]

1. d4 d5 2. c4 Nc6 3. Nc3 Nf6 4. Bg5 e6 5. Nf3 Be7 6. e3 0-0 7. a3 a5 8. Bd3 Re8 9. 0-0 h6 10. Bh4 b6 11. Bxf6 Bxf6 12. cxd5 exd5 13. Bb5 Bb7 14. Qb3 Re6 15. Nxd5 Na7 16. Bc4 Rd6 17. Nxf6+ Rxf6 18. Ne5 Qe8 19. Rac1 Rd8 20. Be2 c6 21. Qxb6 Nb5 22. Qxb7 Nxd4 23. exd4 Rxd4 24. Nxc6 1-0